000 00972cam a2200289 a 4500
001 000013042
003 OSt
005 20250721105519.0
008 941227s1994 ck a b 001 0 spa d
020 _a9586480798
040 _aDO-SdBNP
_bspa
_cBNPHU
082 _a352.086
_bC965a
100 1 _aCuello Duarte, Francisco.
_930145
245 1 0 _aAlcaldes :
_blíderes y gerentes del nuevo municipio /
_cFrancisco Cuello Duarte.
260 _aBogotá, (Colombia) :
_bEcoe,
_c1994.
300 _axii, 176 p. ;
_c21 cm.
490 1 _aInterés general
500 _a"Cómo alcanzar una alcaldía y como sostenerse en ella"
504 _aIncluye referencias bibliográficas (p. 175-176).
590 _aInventariado, 2020 / DG
650 4 _aAlcaldes
_zColombia
_930146
650 4 _aAlcaldes
_zColombia
_xElección
_930147
650 4 _aGobierno municipal
_zColombia
_930148
650 0 _aGobierno municipal
_917207
910 _aInventariado, 2020 / DG
942 _2ddc
_cLF1
999 _c12686
_d12686